Fr. Conceicao Rodrigues College of Engineering

Introduction to Fuzzy logic using matlab (Record no. 28729)

MARC details
000 -LEADER
fixed length control field 00351nam a2200169Ia 4500
082 ## - DEWEY DECIMAL CLASSIFICATION NUMBER
Item number SIV
100 ## - MAIN ENTRY--PERSONAL NAME
Personal name Sivanandam/S.N
245 ## - TITLE STATEMENT
Title Introduction to Fuzzy logic using matlab
260 ## - PUBLICATION, DISTRIBUTION, ETC.
Name of publisher, distributor, etc. Springer
Date of publication, distribution, etc. 2007
366 ## - TRADE AVAILABILITY INFORMATION
Publishers's discount category 25
300 ## - PHYSICAL DESCRIPTION
Extent 430
546 ## - LANGUAGE NOTE
Language note ENGLISH
650 ## - SUBJECT ADDED ENTRY--TOPICAL TERM
Topical term or geographic name entry element Fuzzy logic
654 ## - SUBJECT ADDED ENTRY--FACETED TOPICAL TERMS
Focus term fuzzy logic
942 ## - ADDED ENTRY ELEMENTS (KOHA)
Koha item type BOOK
Holdings
Withdrawn status Lost status Damaged status Not for loan Collection Home library Current library Date acquired Source of acquisition Cost, normal purchase price Inventory number Total Checkouts Full call number Barcode Date last seen Cost, replacement price Price effective from Koha item type
        CRC Fr. Agnel's C.Rodrigues College of Engineering Fr. Agnel's C.Rodrigues College of Engineering 17/03/2023 Allied Publishers 896.25 45 dt 11.06.2019   SIV 25649 17/03/2023 1195.00   BOOK